The Money List - Countries Beginning with a Vowel - Statistics

General Stats
  • This quiz has been taken 15 times
  • The average score is 35 of 37
Answer Stats
Answer % Correct
Afghanistan
100%
Albania
100%
Algeria
100%
Angola
100%
Argentina
100%
Armenia
100%
Australia
100%
Azerbaijan
100%
Ethiopia
100%
Iceland
100%
Iran
100%
Iraq
100%
Ireland
100%
Israel
100%
Italy
100%
Oman
100%
United Kingdom
100%
United States
100%
Andorra
92%
Antigua and Barbuda
92%
Austria
92%
Ecuador
92%
Egypt
92%
El Salvador
92%
Eritrea
92%
Estonia
92%
India
92%
Indonesia
92%
Uganda
92%
United Arab Emirates
92%
Uruguay
92%
Uzbekistan
92%
East Timor
83%
Eswatini
83%
Ukraine
83%
Equatorial Guinea
75%
Ivory Coast
67%
No matching quizzes found
Score Distribution
Percent of People with Each Score
Percentile by Number Answered
Your Score History
You have not taken this quiz